Teoría y política del dinero (Registro nro. 5445)

Detalles MARC
000 -LEADER
fixed length control field 01587 a2200193 4500
001 - CONTROL NUMBER
control field 54276
005 - DATE AND TIME OF LATEST TRANSACTION
control field 20260407155814.0
008 - FIXED-LENGTH DATA ELEMENTS--GENERAL INFORMATION
fixed length control field 260407a1964 arg spa d
003 - CONTROL NUMBER IDENTIFIER
control field AR-UNSa-BCEJYS
040 ## - CATALOGING SOURCE
Original cataloging agency AR-UNSa-BCEJYS
Language of cataloging spa
Transcribing agency AR-UNSa-BCEJYS
080 ## - UNIVERSAL DECIMAL CLASSIFICATION NUMBER
Universal Decimal Classification number 336.741.2
Common auxiliary subdivision Naturaleza de la moneda. Teoría general del dinero
100 1# - MAIN ENTRY--PERSONAL NAME
Personal name Pedersen, Jorgen
245 10 - TITLE STATEMENT
Title Teoría y política del dinero
264 #1 - PRODUCTION, PUBLICATION, DISTRIBUTION, MANUFACTURE, AND COPYRIGHT NOTICE
Place of production, publication, distribution, manufacture Madrid :
Name of producer, publisher, distributor, manufacturer Aguilar
Date of production, publication, distribution, manufacture, or copyright notice 1964
300 ## - PHYSICAL DESCRIPTION
Extent 402 p,.
Dimensions 22 cm.
505 ## - FORMATTED CONTENTS NOTE
Formatted contents note Primera Parte: TEORIA DEL DINERO: 1. Concepto del dinero- 2. La creación del dinero – 3. Los motivos para la creación del dinero – 4. La importancia de los medios de pago – 5. El problema de la liquidez – 6. La determinación del tipo de interés – 7. ¿Puede crearse el dinero sin la mediación de los bancos? – 8. El concepto de liquidez y el banco central – 9. La organización del banco central – 10. Dinero y precios – 11. La relación de cambio frente a otras unidades de cálculo – 12. Un análisis más profundo de la formación del cambio en el extranjero – 13. Los tipos de cambio fijos y libres – 14. Inflación y deflación – 15. El valor de dinero - - Segunda Parte: POLITICA DEL DINERO: 1. Introducción – 2. La meta de la política monetaria – 3. Los medios para el mantenimiento del patrón oro – 4. La estabilización del nivel de precios – 5. La regulación del nivel de precios en forma inversamente proporcional a la productividad – 6. La estabilización de la actividad económica.
590 ## - LOCAL NOTE (RLIN)
Local note niveau_biblio:m niveau_hierar:0
942 ## - ADDED ENTRY ELEMENTS (KOHA)
Koha item type
Existencias
Withdrawn status Lost status Damaged status Not for loan Home library Current library Shelving location Date acquired Total checkouts Full call number Barcode Date last seen Price effective from Koha item type
        Biblioteca Prof. Eusebio Cleto del Rey Biblioteca Prof. Eusebio Cleto del Rey   07/04/2026   336.741.2 P371 4ed. L20302 07/04/2026 07/04/2026 Libro
        Biblioteca Prof. Eusebio Cleto del Rey Biblioteca Prof. Eusebio Cleto del Rey   07/04/2026   336.741.2 P371 4ed. L22808 07/04/2026 07/04/2026 Libro